UBT Library

KONSUMI I BARNAVE NË KOSOVË (Record no. 38251)

000 -LEADER
fixed length control field 00269nam a22001217a 4500
008 - FIXED-LENGTH DATA ELEMENTS--GENERAL INFORMATION
fixed length control field 171108b xxu||||| |||| 00| 0 eng d
041 ## - LANGUAGE CODE
Language code of text/sound track or separate title alb
080 ## - UNIVERSAL DECIMAL CLASSIFICATION NUMBER
Universal Decimal Classification number 618.2
100 ## - Rafti
Rafti 02
101 ## - Shkurtesa
Shkurtesa FAR
245 ## - TITLE STATEMENT
Title KONSUMI I BARNAVE NË KOSOVË
Statement of responsibility, etc JAKUPI.A
942 ## - ADDED ENTRY ELEMENTS (KOHA)
Source of classification or shelving scheme
Item type Books
Holdings
Withdrawn status Lost status Damaged status Not for loan Date acquired Total Checkouts Date last seen Price effective from Koha item type
        11/08/2017   11/08/2017 11/08/2017 Books
        11/08/2017   11/08/2017 11/08/2017 Books
UBT Library © 2015-2024. All rights reserved University Education for Business and Technology